000 00833nam a2200265 i 4500
001 bgj
100 1 _aHEDGE, Tricia
245 1 0 _aWriting /
_cTricia Hedge.
250 _a[3rd impr.].
260 _aOxford :
_bOxford University Press,
_c1990.
300 _a167 pp :
_bill. ;
_c25 cm.
490 1 _aResource Books for Teachers / edited by Alan Maley
500 _a1st published 1988.
504 _aBibliography p. 165-167.
650 9 _aEnglish language
_xStudy and teaching
_xForeign speakers
650 9 _aActivity programmes in education
_xWriting
650 9 _aEnglish language
_xWriting
830 0 _aResource Books for Teachers (edited by Alan Maley)
020 _a0194370984 (pbk)
040 _cBPK
041 0 _aeng
920 _a0-19-437098-4 (pbk)
942 _cKS
008 s uk f |000 0 eng
999 _c41320
_d41320
856 _uhttp://koha.tu.koszalin.pl/cgi-bin/koha/opac-detail.pl?biblionumber=41320
_yKatalog online BPK